01259nam a22002297a 4500003000900000008004100009040007100050082002400121110004900145245009500194260004600289300002900335440006000364505041400424650002800838650002700866650002500893650002300918650002600941700003200967700003000999AR-CdUCM190425b ||||| |||| 00| 0 spa d aMUNICIPALIDAD PROVINCIAL DEL CUSCOcBIBLIOTECA MUNICIPAL DEL CUSCO aHist.Ecle/N°1/1989 aInstituto Peruano de Historia Eclesiástica aRevista peruana de Historia Eclesiástica /cInstituto Peruano de Historia Eclesiástica aLima.bServicio copias Gráficas,c1989. a235 páginas. :c22 cm. aRevista peruana de Historia Eclesiástica.nN°1,1989. aContenido: Los seminarios y colegios en el Virreinato. -- Seminario de Santo Toribio de Lima. Guillermo Lohman Villena. -- Seminario de San Antonio Abad del Cuzco. Horacio Villanueva Urteaga. -- Seminario de San Jerónimo de Arequipa. -- Seminario de San Carlos y San Marcelo de Trujillo. -- Seminario de San Cristóbal de Huamanga. -- Colegio de San Bernardo de Cusco. -- Colegio de San Pedro de Nolasco... aHistoria eclesiástica aMonumento históricos aEducación colonial aHistoria del Cusco aReligión católica aVillanueva Urteaga, Horacio aLohman Villena, Guillermo